Normal view
MARC view
- PEOPLE REPUBLIC OF CHINA
Entry Personal Name
001 - CONTROL NUMBER
- control field: 77120
003 - CONTROL NUMBER IDENTIFIER
- control field: NUST
005 - DATE AND TIME OF LATEST TRANSACTION
- control field: 20210628205820.0
008 - FIXED-LENGTH DATA ELEMENTS
- fixed length control field: 210628|| aca||aabn | a|a d
040 ## - CATALOGING SOURCE
- Original cataloging agency: NUST
- Transcribing agency: NUST
100 ## - HEADING--PERSONAL NAME
- Personal name: PEOPLE REPUBLIC OF CHINA
670 ## - SOURCE DATA FOUND
- Source citation: Work cat.: (NUST): PEOPLE REPUBLIC OF CHINA, TECHNICAL INSTRUCTIONS TRANSISTORIZED 2-W S. W RADIO MODEL-2, 1985
